000 00413nam a2200169 a 4500
001 0000-9323
003 ELIB.Books
008 110520 1955
035 _a(ELIB.Books)0000-9475
082 _a232
_bPhi
100 _aPhillips, J. B.
245 _aWhen God was Man
260 _bNew York: Abingdon Press
_c1955
650 _aJesus Christ
942 _2ddc
_cBK
998 _cbat
_e2011-05-20
999 _c9323
_d9323